Urbanism in world perspective: (Record no. 9614)
[ view plain ]
| 000 -LEADER | |
|---|---|
| fixed length control field | 00510cam a22001811 4500 |
| 003 - CONTROL NUMBER IDENTIFIER | |
| control field | OSt |
| 005 - DATE AND TIME OF LATEST TRANSACTION | |
| control field | 20260506062236.0 |
| 008 - FIXED-LENGTH DATA ELEMENTS--GENERAL INFORMATION | |
| fixed length control field | 720211s1968 nyuab b 000 0 eng |
| 020 ## - INTERNATIONAL STANDARD BOOK NUMBER | |
| International Standard Book Number | 0690853750 |
| 040 ## - CATALOGING SOURCE | |
| Transcribing agency | IRDP |
| 082 ## - DEWEY DECIMAL CLASSIFICATION NUMBER | |
| Classification number | 307.76 URB |
| 245 10 - TITLE STATEMENT | |
| Title | Urbanism in world perspective: |
| Remainder of title | a reader |
| 260 ## - PUBLICATION, DISTRIBUTION, ETC. (IMPRINT) | |
| Place of publication, distribution, etc. | New York; |
| Name of publisher, distributor, etc. | Crowell, |
| Date of publication, distribution, etc. | 1968. |
| 300 ## - PHYSICAL DESCRIPTION | |
| Extent | xiii, 620 p. |
| Other physical details | illus., maps. |
| Dimensions | 23 cm. |
| 504 ## - BIBLIOGRAPHY, ETC. NOTE | |
| Bibliography, etc | Bibliography: p. 581-595. Bibliographical footnotes. |
| 700 ## - ADDED ENTRY--PERSONAL NAME | |
| Personal name | Fava, Sylvia Fleis. |
| 942 ## - ADDED ENTRY ELEMENTS (KOHA) | |
| Source of classification or shelving scheme | Dewey Decimal Classification |
| Koha item type | BOOKS |
| Withdrawn status | Lost status | Source of classification or shelving scheme | Damaged status | Not for loan | Home library | Current library | Shelving location | Date acquired | Total Checkouts | Full call number | Barcode | Date last seen | Price effective from | Koha item type |
|---|---|---|---|---|---|---|---|---|---|---|---|---|---|---|
| Dewey Decimal Classification | Dodoma | Dodoma | Ground Floor | 06/05/2026 | 307.76 URB | LIB003254 | 06/05/2026 | 06/05/2026 | BOOKS |
